Top 5 players on every NBA team 2022-2023 - Statistics

General Stats
  • This quiz has been taken 1,038 times
  • The average score is 53 of 115
Answer Stats
Hint Answer % Correct
Hawks PG Trae Young
97%
Hawks C Clint Capela
87%
Celtics PF Jayson Tatum
87%
Celtics SF Jaylen Brown
86%
Nets PF Kevin Durant
84%
Nets PG Kyrie Irving
84%
Nuggets PG Jamal Murray
83%
Hawks PF John Collins
83%
Celtics C Robert Williams
82%
Celtics PG Marcus Smart
81%
Hornets PG Lamelo Ball
80%
Celtics C Al Horford
79%
Bulls PG Lonzo Ball
79%
Nets SG Seth Curry
79%
Bulls SF Demar Derozan
73%
Bulls SG Zach Lavine
73%
Mavs PG Luka Doncic
68%
Bulls C Nikola Vucevic
68%
76ers PG James Harden
67%
Cavs PG Darius Garland
66%
Hawks SF Deandre Hunter
66%
Warriors PF Draymond Green
65%
Rockets SG Jalen Green
65%
Cavs C Jarrett Allen
64%
Nuggets C Nikola Jokic
64%
Hornets PF Miles Bridges
63%
Warriors SG Klay Thompson
62%
Lakers SF Lebron James
59%
Hornets SF Gordon Hayward
58%
Hornets SG Terry Rozier
58%
76ers PF Tobias Harris
58%
Lakers PF Anthony Davis
57%
Nets PG Ben Simmons
57%
Warriors SF Andrew Wiggins
56%
Clippers SG Paul George
56%
Nuggets PF Aaron Gordon
55%
Clippers SF Kawhi Leonard
55%
Bucks PF Giannis Antetokounmpo
54%
Grizzlies PG Ja Morant
54%
Grizzlies PF Jaren Jackson Jr.
54%
76ers C Joel Embiid
54%
Bucks PG Jrue Holiday
54%
Rockets SG Kevin Porter Jr.
54%
Nuggets SF Michael Porter Jr.
54%
Heat SF Jimmy Butler
53%
Warriors SG Jordan Poole
53%
Timberwolves C Karl-Anthony Towns
53%
Hawks SG Kevin Huerter
53%
Lakers PG Russell Westbrook
53%
Pistons SG Cade Cunningham
52%
Clippers PG Reggie Jackson
52%
Mavs PG Jalen Brunson
51%
Bucks SF Khris Middleton
51%
Heat C Bam Adebayo
50%
Bucks C Brook Lopez
50%
Pacers PG Tyrese Haliburton
50%
Timberwolves SG Anthony Edwards
49%
Pelicans SF Brandon Ingram
48%
Timberwolves PG D'Angelo Russell
48%
Thunder PG Shai GIlgeous-Alexander
48%
Heat SG Tyler Herro
48%
Grizzlies C Steven Adams
47%
Mavs PG Spencer Dinwiddie
46%
Knicks PF Julius Randle
45%
Heat PG Kyle Lowry`
45%
Pacers C Myles Turner
45%
Grizzlies SG Desmond Bane
44%
Heat SG Duncan Robinson
43%
Knicks C Mitchell Robinson
43%
76ers SG Tyrese Maxey
43%
Rockets C Christian Wood
40%
Cavs SG Collin Sexton
40%
Mavs C Dwight Powell
40%
Clippers SG Norman Powell
40%
Lakers PF Carmelo Anthony
39%
Pelicans C Jonas Valanciunas
39%
Knicks SF RJ Barrett
39%
Pelicans SG CJ McCollum
38%
Magic PG Cole Anthony
38%
Nets PG Patty Mills
38%
Grizzlies SG Dillon Brooks
37%
Cavs SG Caris Levert
36%
Thunder SG Josh Giddey
36%
Pistons SF Saddiq Bey
36%
Pacers SG Buddy Hield
35%
Mavs SF Tim Hardaway Jr.
35%
Bucks PF Bobby Portis
34%
Pistons PF Jerami Grant
33%
Pacers PG Malcolm Brogdon
31%
Knicks PG Derrick Rose
29%
Magic C Wendell Carter Jr.
28%
Magic SF Franz Wagner
27%
Magic C Mo Bamba
24%
Nuggets SG Will Barton
24%
Warriors PG Steph Curry
22%
Knicks SG Evan Fournier
21%
Magic SG Jalen Suggs
19%
Hornets C Montrezl Harrell
18%
Timberwolves SG Malik Beasley
17%
Pacers SF TJ Warren
17%
Clippers SG Luke Kennard
16%
Bulls PG Ayo Dosunmu
13%
Thunder PF Darius Bazley
13%
Rockets PF Jae'Sean Tate
13%
Timberwolves PF Jarred Vanderbilt
11%
Pistons SG Hamidou Diallo
4%
Thunder SG Lu Dort
3%
Rockets SF Alperen Şengün
2%
Cavs PF Evan Mobely
2%
Lakers SF Austin Reeves
1%
Pelicans C Jaxson Hayes
1%
Pistons C Marvin Bagley
1%
Thunder PF Isaiah Roby
0%
76ers SF Matisse Thuybulle
0%
Pelicans PF Zion Willamson
0%
No matching quizzes found
Score Distribution
Percent of People with Each Score
Percentile by Number Answered
Your Score History
You have not taken this quiz